000 00687nam a2200217 4500
999 _c170457
_d170457
005 20200124102039.0
010 _aENG-127143
020 _a9789389552386
_c650.00
035 _aEN-110675
037 _bDBAD/PUB
082 _a796.069
100 _aBeech, John
245 _aThe business of sports management /
_cby John Beech [and] Simon Chadwick
250 _a2nd ed.
260 _aNoida
_bPearson India Education
_c2020
270 _a15th Floor, Tower-b, World Trade Tower, Plot No.-1, Block -C, Sector 16
_bNoida
_e201301
300 _axxxiii;592p .
_c23cm(pbk)
500 _aIncludes index
700 _aChadwick, Simon
942 _2ddc
_cEN
_h796.069
_mBEE